00297nam a2200121Ia 4500008004100000041000800041082001200049100001800061245003700079260002800116300002400144365000700168240624s9999 xx 000 0 und d aeng a823 ADA aADAMS DOUGLAS aHITCHHIKER S GUIDE TO THE GALAXY c2009aLondonbMacmillan a183 : p. : cm. ; 20 cRS